[Event "IM Marmaris Karia IX 2019"]
[Site "Marmaris"]
[Date "2019.08.24"]
[Round "4.3"]
[White "Benidze, Davit"]
[Black "Kizilkus, Akin"]
[Result "1-0"]
[WhiteElo "2440"]
[BlackElo "2135"]
[Annotator "NA"]
[PlyCount "97"]
[EventDate "2019.08.24"]
[EventType "schev"]
[EventCountry "TUR"]
[SourceTitle "playchess.com"]
[Source "ChessBase"]
[SourceQuality "1"]
[TimeControl "5400+30"]

1. d4 {[%emt 0:00:30]} Nf6 {[%emt 0:00:30]} 2. Nc3 {[%emt 0:00:00]} d5 {[%emt 0:00:00]} 3. Bf4 {[%emt 0:00:00]} g6 {[%emt 0:00:00]} 4. Qd2 {[%emt 0:00:30]} Bg7 {[%emt 0:00:30]} 5. O-O-O {[%emt 0:02:30]} O-O {[%emt 0:01:30]} 6. Bh6 {[%emt 0:00:30]} c5 {[%emt 0:00:30]} 7. Bxg7 {[%emt 0:00:30]} Kxg7 {[%emt 0:00:30]} 8. dxc5 {[%emt 0:00:00]} Qa5 {[%emt 0:00:30]} 9. Nf3 $15 {[%emt 0:04:00]} Qxc5 {[%emt 0:07:30]} 10. h4 {[%emt 0:10:30]} h5 {[%emt 0:00:30]} 11. Qg5 {[%emt 0:03:30]} Nc6 {[%emt 0:16:30]} 12. e4 {[%emt 0:10:30]} Ng4 {[%emt 0:20:30]} 13. exd5 {[%emt 0:34:30]} Nxf2 {[%emt 0:06:30]} 14. dxc6 {[%emt 0:00:00]} Qxg5+ {[%emt 0:00:30]} 15. Nxg5 {[%emt 0:00:00]} Nxh1 {[%emt 0:05:30]} 16. cxb7 {[%emt 0:00:00]} Bxb7 {[%emt 0:00:00]} 17. Rd7 {[%emt 0:00:00]} Bc6 {[%emt 0:01:00]} 18. Rc7 {[%emt 0:00:30]} Ng3 {[%emt 0:07:30]} 19. Bd3 {[%emt 0:00:00]} Bxg2 {[%emt 0:01:30]} 20. Rxe7 {[%emt 0:00:00]} Rae8 {[%emt 0:02:30]} 21. Rxa7 {[%emt 0:00:30]} Bf1 {[%emt 0:02:30]} 22. Bxf1 {[%emt 0:00:30]} Nxf1 {[%emt 0:00:00]} 23. Nce4 {[%emt 0:01:30]} Ra8 {[%emt 0:02:00]} 24. Rd7 {[%emt 0:00:00]} Rxa2 {[%emt 0:01:30]} 25. Kb1 {[%emt 0:00:00]} Ra4 {[%emt 0:04:10]} 26. b3 {[%emt 0:03:30]} Rb4 {[%emt 0:00:50]} 27. Ne6+ {[%emt 0:00:00]} Kh8 {[%emt 0:01:13]} 28. Nxf8 {[%emt 0:01:00]} Rxe4 {[%emt 0:00:06]} 29. Rxf7 {[%emt 0:00:00]} Re1+ {[%emt 0:01:17]} 30. Kb2 {[%emt 0:03:00]} Kg8 {[%emt 0:00:47]} 31. Rf4 {[%emt 0:01:30]} g5 {[%emt 0:01:22]} 32. hxg5 {[%emt 0:00:30]} h4 {[%emt 0:00:05]} 33. Rxh4 {[%emt 0:04:30]} Kxf8 {[%emt 0:00:30]} 34. Rh1 {[%emt 0:00:30]} Kg7 {[%emt 0:00:31]} 35. b4 {[%emt 0:00:00]} Kg6 {[%emt 0:01:01]} 36. Rg1 {[%emt 0:02:00]} Re4 {[%emt 0:00:36]} 37. Rxf1 {[%emt 0:00:30]} Rxb4+ {[%emt 0:00:06]} 38. Ka3 {[%emt 0:06:31]} Rc4 {[%emt 0:01:07]} 39. Kb3 {[%emt 0:00:03]} Rc8 {[%emt 0:00:05]} 40. Rg1 {[%emt 0:00:06]} Rb8+ {[%emt 0:00:29]} 41. Kc3 {[%emt 0:00:34]} Rc8+ {[%emt 0:00:09]} 42. Kd3 {[%emt 0:00:04]} Rd8+ {[%emt 0:00:06]} 43. Ke4 {[%emt 0:00:05]} Re8+ {[%emt 0:00:13]} 44. Kd5 {[%emt 0:00:13]} Rd8+ {[%emt 0:00:04]} 45. Ke5 {[%emt 0:00:07]} Rc8 {[%emt 0:00:16]} 46. Rc1 {[%emt 0:01:20]} Rc3 {[%emt 0:00:25]} 47. Kd4 {[%emt 0:00:07]} Rc8 {[%emt 0:00:05]} 48. c4 {[%emt 0:00:01]} Kxg5 {[%emt 0:00:18]} 49. Ke4 {[%emt 0:00:35]} 1-0

[Event "IM Marmaris Karia IX 2019"]
[Site "Marmaris"]
[Date "2019.08.24"]
[Round "4.4"]
[White "Annageldyev, Orazly"]
[Black "Oney, Feridun"]
[Result "1-0"]
[WhiteElo "2342"]
[BlackElo "2054"]
[Annotator "NA"]
[PlyCount "73"]
[EventDate "2019.08.24"]
[EventType "schev"]
[EventCountry "TUR"]
[SourceTitle "playchess.com"]
[Source "ChessBase"]
[SourceQuality "1"]
[TimeControl "5400+30"]

1. e4 {[%emt 0:00:30]} c5 {[%emt 0:00:30]} 2. Nf3 {[%emt 0:00:30]} Nc6 {[%emt 0:00:30]} 3. c3 {[%emt 0:00:30]} d6 {[%emt 0:04:30]} 4. d4 {[%emt 0:00:00]} Nf6 {[%emt 0:00:30]} 5. d5 {[%emt 0:04:00]} Nb8 {[%emt 0:01:30]} 6. h3 {[%emt 0:04:30]} g6 {[%emt 0:02:30]} 7. Bd3 {[%emt 0:01:30]} Bg7 {[%emt 0:00:30]} 8. c4 {[%emt 0:00:30]} O-O {[%emt 0:00:30]} 9. Nc3 {[%emt 0:00:00]} e5 {[%emt 0:03:30]} 10. g4 {[%emt 0:04:00]} a6 {[%emt 0:06:30]} 11. a4 {[%emt 0:00:30]} b6 {[%emt 0:03:30]} 12. Bg5 {[%emt 0:00:30]} h6 {[%emt 0:06:30]} 13. Be3 {[%emt 0:00:30]} Kh8 {[%emt 0:01:30]} 14. Qd2 {[%emt 0:22:30]} Ng8 {[%emt 0:00:30]} 15. g5 {[%emt 0:04:30]} Kh7 {[%emt 0:14:30]} 16. O-O-O {[%emt 0:03:30]} h5 {[%emt 0:04:30]} 17. Rdg1 {[%emt 0:04:30]} b5 {[%emt 0:07:30]} 18. Nh4 {[%emt 0:03:30]} bxc4 {[%emt 0:03:30]} 19. Be2 {[%emt 0:01:30]} Qa5 {[%emt 0:01:30]} 20. Bxh5 {[%emt 0:01:30]} Ne7 {[%emt 0:01:30]} 21. Bd1 {[%emt 0:01:30]} Nd7 {[%emt 0:01:30]} 22. Nf3 {[%emt 0:01:30]} Rh8 {[%emt 0:02:30]} 23. h4 {[%emt 0:00:30]} Kg8 {[%emt 0:00:30]} 24. Nh2 {[%emt 0:01:30]} Nf8 {[%emt 0:02:30]} 25. Ng4 {[%emt 0:01:30]} Bxg4 {[%emt 0:00:30]} 26. Bxg4 {[%emt 0:00:00]} Rb8 {[%emt 0:00:30]} 27. Rh3 {[%emt 0:05:00]} Rh7 {[%emt 0:04:30]} 28. Rgh1 {[%emt 0:00:30]} Rh8 {[%emt 0:05:30]} 29. Qc2 {[%emt 0:05:30]} Qb4 {[%emt 0:01:24]} 30. Bd2 {[%emt 0:02:30]} Qb3 {[%emt 0:04:06]} 31. Nb1 {[%emt 0:01:30]} Qb7 {[%emt 0:03:21]} 32. Na3 {[%emt 0:00:30]} c3 {[%emt 0:00:28]} 33. Bxc3 {[%emt 0:01:30]} Nxd5 {[%emt 0:02:19]} 34. exd5 {[%emt 0:00:30]} Qxd5 {[%emt 0:00:03]} 35. Rd1 {[%emt 0:02:30]} Qg2 {[%emt 0:02:30]} 36. f3 {[%emt 0:00:30]} Qxc2+ {[%emt 0:00:14]} 37. Kxc2 {[%emt 0:00:30]} 1-0

[Event "IM Marmaris Karia IX 2019"]
[Site "Marmaris"]
[Date "2019.08.24"]
[Round "4.5"]
[White "Papenin, Nikolai"]
[Black "Kirilmaz, Emre"]
[Result "1-0"]
[WhiteElo "2319"]
[BlackElo "2044"]
[Annotator "NA"]
[PlyCount "63"]
[EventDate "2019.08.24"]
[EventType "schev"]
[EventCountry "TUR"]
[SourceTitle "playchess.com"]
[Source "ChessBase"]
[SourceQuality "1"]
[TimeControl "5400+30"]

1. d4 {[%emt 0:00:30]} d5 {[%emt 0:03:30]} 2. c4 {[%emt 0:00:00]} e6 {[%emt 0:00:00]} 3. Nc3 {[%emt 0:00:00]} Nf6 {[%emt 0:00:00]} 4. Nf3 {[%emt 0:00:00]} Be7 {[%emt 0:00:30]} 5. Bf4 {[%emt 0:00:00]} O-O {[%emt 0:00:30]} 6. e3 {[%emt 0:00:00]} Nbd7 {[%emt 0:01:30]} 7. c5 {[%emt 0:01:00]} Nh5 {[%emt 0:01:30]} 8. Bd3 {[%emt 0:00:30]} Nxf4 {[%emt 0:00:30]} 9. exf4 {[%emt 0:00:30]} c6 {[%emt 0:03:30]} 10. O-O {[%emt 0:01:30]} b6 {[%emt 0:00:30]} 11. b4 {[%emt 0:00:30]} a5 {[%emt 0:00:30]} 12. a3 {[%emt 0:00:30]} Ba6 {[%emt 0:00:30]} 13. Bxa6 {[%emt 0:05:30]} Rxa6 {[%emt 0:00:30]} 14. Qe2 {[%emt 0:00:00]} b5 {[%emt 0:02:30]} 15. Rfb1 {[%emt 0:03:00]} Qc7 {[%emt 0:02:30]} 16. f5 {[%emt 0:09:30]} e5 {[%emt 0:05:30]} 17. dxe5 {[%emt 0:00:00]} Re8 {[%emt 0:01:30]} 18. e6 {[%emt 0:10:00]} Bf6 {[%emt 0:00:30]} 19. Nxd5 {[%emt 0:02:30]} cxd5 {[%emt 0:00:30]} 20. Qxb5 {[%emt 0:00:30]} Raa8 {[%emt 0:07:30]} 21. Qxd7 {[%emt 0:03:30]} Qxd7 {[%emt 0:02:30]} 22. exd7 {[%emt 0:00:30]} Reb8 {[%emt 0:10:30]} 23. c6 {[%emt 0:02:30]} Bd8 {[%emt 0:03:30]} 24. b5 {[%emt 0:00:30]} a4 {[%emt 0:00:00]} 25. Ra2 {[%emt 0:00:30]} Kf8 {[%emt 0:01:00]} 26. Rd2 {[%emt 0:00:30]} Ba5 {[%emt 0:01:30]} 27. Rxd5 {[%emt 0:00:30]} Ke7 {[%emt 0:00:00]} 28. g4 {[%emt 0:00:30]} Ra6 {[%emt 0:01:00]} 29. d8=Q+ {[%emt 0:00:30]} Bxd8 {[%emt 0:00:30]} 30. Re1+ {[%emt 0:00:30]} Kf6 {[%emt 0:00:30]} 31. bxa6 {[%emt 0:00:00]} Be7 {[%emt 0:00:00]} 32. g5# {[%emt 0:00:00]} 1-0

[Event "IM Marmaris Karia IX 2019"]
[Site "Marmaris"]
[Date "2019.08.24"]
[Round "5.1"]
[White "Tanriverdi, Enes"]
[Black "Datuashvili, Nona"]
[Result "0-1"]
[WhiteElo "2355"]
[BlackElo "2083"]
[Annotator "ChessBase"]
[PlyCount "88"]
[EventDate "2019.08.24"]
[EventType "schev"]
[EventCountry "TUR"]
[SourceTitle "playchess.com"]
[Source "ChessBase"]
[SourceQuality "1"]
[TimeControl "5400+30"]

1. d4 {[%emt 0:01:30]} Nf6 {[%emt 0:00:30]} 2. c4 {[%emt 0:00:30]} e6 {[%emt 0:00:30]} 3. Nf3 {[%emt 0:00:30]} Bb4+ {[%emt 0:00:30]} 4. Bd2 {[%emt 0:00:00]} Bxd2+ {[%emt 0:00:00]} 5. Qxd2 {[%emt 0:00:00]} b6 {[%emt 0:02:00]} 6. Nc3 {[%emt 0:10:30]} Bb7 {[%emt 0:01:30]} 7. d5 {[%emt 0:01:30]} exd5 {[%emt 0:01:30]} 8. cxd5 {[%emt 0:00:00]} d6 {[%emt 0:01:30]} 9. g3 {[%emt 0:01:00]} Nbd7 {[%emt 0:01:30]} 10. Bg2 {[%emt 0:00:30]} O-O {[%emt 0:02:30]} 11. O-O {[%emt 0:00:30]} Re8 {[%emt 0:02:30]} 12. Nd4 {[%emt 0:00:30]} Ne5 {[%emt 0:00:30]} 13. b3 {[%emt 0:02:30]} a5 {[%emt 0:13:30]} 14. f4 {[%emt 0:00:30]} Neg4 {[%emt 0:04:30]} 15. e4 {[%emt 0:00:30]} Nd7 {[%emt 0:01:30]} 16. h3 {[%emt 0:07:30]} Ngf6 {[%emt 0:00:30]} 17. g4 {[%emt 0:00:30]} h6 {[%emt 0:04:30]} 18. Rfe1 {[%emt 0:11:30]} Nf8 {[%emt 0:06:30]} 19. Re3 {[%emt 0:18:30]} Ng6 {[%emt 0:11:30]} 20. Rf1 {[%emt 0:00:30]} Qd7 {[%emt 0:07:30]} 21. Nf5 {[%emt 0:01:30]} Ne7 {[%emt 0:07:30]} 22. e5 {[%emt 0:05:30]} Nxf5 {[%emt 0:03:30]} 23. gxf5 {[%emt 0:00:30]} Qe7 {[%emt 0:03:30]} 24. Rfe1 {[%emt 0:01:30]} dxe5 {[%emt 0:00:30]} 25. fxe5 {[%emt 0:00:00]} Nh5 {[%emt 0:02:30]} 26. d6 {[%emt 0:00:00]} Qg5 {[%emt 0:00:30]} 27. h4 {[%emt 0:13:30]} Qg4 {[%emt 0:07:35]} 28. Qe2 {[%emt 0:02:30]} Qxe2 {[%emt 0:01:30]} 29. R1xe2 {[%emt 0:03:16]} Bxg2 {[%emt 0:00:20]} 30. d7 {[%emt 0:02:01]} Re7 {[%emt 0:00:30]} 31. Rxg2 {[%emt 0:00:49]} Rxd7 {[%emt 0:00:09]} 32. e6 {[%emt 0:00:45]} Rd4 {[%emt 0:01:21]} 33. Nb5 {[%emt 0:01:52]} Rd1+ {[%emt 0:01:33]} 34. Kh2 {[%emt 0:00:01]} Nf6 {[%emt 0:03:32]} 35. Reg3 {[%emt 0:06:25]} Nh5 {[%emt 0:03:16]} 36. Rc3 {[%emt 0:04:19]} fxe6 {[%emt 0:00:55]} 37. fxe6 {[%emt 0:00:31]} Nf4 {[%emt 0:00:29]} 38. Nxc7 {[%emt 0:01:22]} Rc8 {[%emt 0:01:04]} 39. Rgc2 {[%emt 0:00:04]} Re1 {[%emt 0:00:41]} 40. Rc6 {[%emt 0:00:01]} Rd8 {[%emt 0:00:35]} 41. Rf2 {[%emt 0:00:29]} g5 {[%emt 0:00:39]} 42. Rxb6 {[%emt 0:00:22]} Rd3 {[%emt 0:00:17]} 43. Rb8+ {[%emt 0:00:54]} Kh7 {[%emt 0:00:02]} 44. Rxf4 {[%emt 0:00:15]} gxf4 {[%emt 0:00:21]} 0-1

[Event "IM Marmaris Karia IX 2019"]
[Site "Marmaris"]
[Date "2019.08.24"]
[Round "5.2"]
[White "Karaoglan, Doruk"]
[Black "Benidze, Davit"]
[Result "1/2-1/2"]
[WhiteElo "2246"]
[BlackElo "2440"]
[Annotator "TA"]
[PlyCount "57"]
[EventDate "2019.08.24"]
[EventType "schev"]
[EventCountry "TUR"]
[SourceTitle "playchess.com"]
[Source "ChessBase"]
[SourceQuality "1"]

{[%evp 11,57,-12,0,-14,0,-19,0,-9,-13,-9,-1,-17,0,0,0,0,0,0,0,0,29,26,40,20,63,16,29,31,24,7,38,11,13,0,0,0,0,0,0,0,0,-27,20,0,0,-33,17,0]} 1. e4 c5 2. Nc3 Nc6 3. g3 g6 4. Bg2 Bg7 5. f4 e6 6. Nf3 d6 7. e5 {B23: Closed Sicilian: Lines without g3} (7. O-O Nge7 8. d3 Rb8 9. Be3 Nd4 10. Bf2 Nec6 11. Nxd4 Nxd4 12. Qd2 O-O 13. Nd1 b6 14. c3 Nc6 15. d4 cxd4 16. cxd4 Bb7 17. Nc3 Rc8 18. Rac1 Re8 19. d5 exd5 20. Nxd5 Ne7 21. Rxc8 Bxc8 {1-0 (63) Anand,V (2759)-Vachier Lagrave,M (2789) Leuven 2018}) 7... dxe5 $146 ({Predecessor:} 7... d5 8. Nb5 Bf8 9. d4 a6 10. Nc3 Nh6 11. Ne2 Nf5 12. c3 h5 13. h3 Be7 14. g4 Nh4 15. Nxh4 Bxh4+ {½-½ (22) Karaoglan,D (2197)-Duzhakov,I (2405) Skopje 2019}) 8. fxe5 Nxe5 9. Nxe5 Bxe5 10. Qe2 Bg7 11. Ne4 Nf6 12. Qb5+ Qd7 13. Nxf6+ Bxf6 14. Qxc5 Bd4 15. Qa3 Bb6 16. Rf1 Qd4 17. Qc3 (17. d3 {seems wilder.} Qe5+ 18. Kd1 Qh5+ 19. Bf3 Qh3 20. Be2) 17... e5 18. Qxd4 exd4 19. d3 O-O 20. Bd2 Bg4 {[#] White must now prevent ...Rae8+.} 21. Rf2 (21. Rf4 $5 {[%cal Rf4g4]} Rfe8+ 22. Kf1 $14) 21... Rac8 22. Rc1 Rc7 23. Kf1 Rfc8 24. Bd5 Bf5 ({Wrong is} 24... Rxc2 $2 25. Rxc2 Rxc2 26. Rxf7 $18) 25. Bc4 Bh3+ 26. Kg1 Bf5 27. Kf1 (27. b3 $11) 27... Bh3+ $15 28. Kg1 Bf5 29. Kf1 {Accuracy: White = 51%, Black = 61%.} 1/2-1/2

[Event "IM Marmaris Karia IX 2019"]
[Site "Marmaris"]
[Date "2019.08.24"]
[Round "5.3"]
[White "Kizilkus, Akin"]
[Black "Annageldyev, Orazly"]
[Result "1-0"]
[WhiteElo "2135"]
[BlackElo "2342"]
[Annotator "TA"]
[PlyCount "31"]
[EventDate "2019.08.24"]
[EventType "schev"]
[EventCountry "TUR"]
[SourceTitle "playchess.com"]
[Source "ChessBase"]
[SourceQuality "1"]

{[%evp 16,31,66,54,85,38,60,41,64,0,63,0,0,19,24,25,43,28]} 1. d4 Nf6 2. c4 c5 3. d5 b5 4. cxb5 a6 5. bxa6 e6 6. Nc3 Nxd5 7. Nxd5 exd5 8. Qxd5 Nc6 9. e3 Be7 {A58: Benko/Volga Gambit: Lines with 5 bxa6} 10. Nf3 O-O 11. a3 Qb6 12. Nd2 $146 (12. Bd3 $14) ({Predecessor:} 12. Bc4 Bxa6 13. O-O Nb4 14. axb4 Bxc4 15. Qxa8 Rxa8 16. Rxa8+ Bf8 17. Rd1 {1-0 (32) Kosyrev,V (2565)-Annageldyev,O (2483) Moscow 2002}) 12... Bf6 ({Black should try} 12... Bxa6 $11 13. Rb1 Bxf1 14. Rxf1 Rfb8) 13. Nc4 ({White should play} 13. Ne4 $14) 13... Qa7 $11 14. Bd3 {Qf5 is the strong threat.} Ne7 $1 {[%cal Re7d5]} 15. Qh5 {[%csl Gd3][%cal Rh5h7] [#]} g6 16. Qf3 {[%mdl 32768] Loss on time!?} 1-0

[Event "IM Marmaris Karia IX 2019"]
[Site "Marmaris"]
[Date "2019.08.24"]
[Round "5.4"]
[White "Oney, Feridun"]
[Black "Papenin, Nikolai"]
[Result "1/2-1/2"]
[WhiteElo "2054"]
[BlackElo "2319"]
[Annotator "TA"]
[PlyCount "61"]
[EventDate "2019.08.24"]
[EventType "schev"]
[EventCountry "TUR"]
[SourceTitle "playchess.com"]
[Source "ChessBase"]
[SourceQuality "1"]

{[%evp 9,61,-8,27,44,46,18,55,7,47,29,25,-50,14,12,16,12,22,2,11,2,0,3,15,16,49,41,37,35,35,26,51,43,46,48,58,63,54,51,129,85,80,84,102,62,73,54,56,59,72,61,83,88,96,83]} 1. d4 Nf6 2. c4 c5 3. Nf3 cxd4 4. Nxd4 e5 5. Nc2 b5 (5... d5 6. cxd5 Qxd5 7. Qxd5 Nxd5 8. e4 Nb4 9. Nxb4 Bxb4+ 10. Bd2 Bxd2+ 11. Nxd2 Ke7 12. Bc4 Nc6 13. Rc1 Rd8 14. Nf3 Bg4 15. Bd5 Bxf3 16. gxf3 Nd4 17. Kd2 Ne6 18. Ke3 {0-1 (45) Ftacnik,L (2548)-Salem,A (2628) Baku 2016}) 6. Nc3 {A31: Symmetrical English: 2 Nf3 Nf6 3 d4} bxc4 {[#] aiming for ...d5.} 7. e4 Bb7 8. f3 {White is slightly better.} Qc7 $146 ({Predecessor:} 8... d5 9. exd5 Nxd5 10. Nxd5 Bxd5 11. Ne3 Bb4+ 12. Bd2 Bc5 13. Nxd5 Qxd5 {1-0 (28) Najgebauer,S (2215)-Holtman,T (2201) Slovakia 2016}) 9. Ne3 Bc5 10. Qa4 (10. Nf5 $11 g6 11. Ne3) 10... Qb6 (10... O-O $1 $15) 11. Nxc4 $11 Bf2+ 12. Kd1 Qd4+ 13. Bd2 O-O $1 14. Nb5 Bc6 {[#] ...d5 is the strong threat.} 15. Nxd4 Bxa4+ 16. Nc2 d5 17. exd5 Nxd5 18. b3 $36 {[%mdl 2048] White has the initiative.} Be8 19. Nxe5 Nc6 20. Nxc6 Bxc6 21. Bc4 Rad8 22. Ke2 Bh4 23. Rhd1 Rd6 ({Black should try} 23... Rfe8+ $14 24. Kf1 Bf6) 24. Bb4 Re8+ 25. Kf1 Rd7 26. Bxd5 Bxd5 27. Be1 Bf6 28. Rab1 Bc6 {Threatening ...Bb5+.} 29. Na3 Rde7 30. Rbc1 Re6 {Black wants to play ...Bb2.} 31. Rc2 {Accuracy: White = 55%, Black = 33%.} 1/2-1/2

[Event "IM Marmaris Karia IX 2019"]
[Site "Marmaris"]
[Date "2019.08.24"]
[Round "5.5"]
[White "Kirilmaz, Emre"]
[Black "Guseynov, Alihan"]
[Result "1-0"]
[WhiteElo "2044"]
[BlackElo "2314"]
[Annotator "TA"]
[PlyCount "77"]
[EventDate "2019.08.24"]
[EventType "schev"]
[EventCountry "TUR"]
[SourceTitle "playchess.com"]
[Source "ChessBase"]
[SourceQuality "1"]

{[%evp 9,77,6,7,0,0,-4,0,0,0,-4,-8,-58,-16,-22,-28,-42,-30,-44,-11,-8,-7,-16,-8,-11,0,0,0,0,0,0,0,-5,-11,-29,-6,-4,0,-10,-5,-69,0,0,0,-8,79,66,132,137,127,137,141,141,521,527,604,463,439,429,382,382,567,567,1626,1514,29991,5314,5314,5289,29998,29999]} 1. d4 d6 2. e4 Nf6 3. Bc4 g6 4. f3 (4. Qe2 Nc6 5. d5 Ne5 6. Bb3 Ned7 7. Nc3 Bg7 8. Nf3 Nc5 9. O-O O-O 10. h3 Re8 11. Bg5 e6 12. dxe6 Bxe6 13. Bxe6 Rxe6 {0-1 (31) Mihok,O (2546)-Almasi,Z (2682) Hungary 2019}) 4... Bg7 5. Ne2 d5 6. exd5 {B06: Modern Defence} Nxd5 7. O-O O-O 8. c3 {The position is equal.} Nc6 {[%cal Bb8c6,Bc6a5,Ba5c4,Bc4e3][%mdl 32]} 9. Bb3 Na5 10. Ba4 $146 ({Predecessor:} 10. Bc2 Nc4 11. Qe1 Nce3 12. Bxe3 Nxe3 {0-1 (26) Vontina,M (761)-Rivas Romero,J (1830) LSS email 2012}) 10... Nc4 {aiming for ...Nde3.} 11. Re1 Nde3 12. Bxe3 Nxe3 13. Qd3 Bh6 {Threatens to win with ...Bf5.} 14. Ng3 Nf5 15. Qe4 Nxg3 16. hxg3 Bf5 17. Qh4 Bg7 18. Qxe7 Bxd4+ $1 19. cxd4 Qxd4+ {[%mdl 64] Double Attack} 20. Qe3 Qxa4 21. Nc3 Qc6 22. g4 Be6 23. Qe5 {Threatening Ne4.} Qd6 24. Qg5 (24. Qxd6 $11 cxd6 25. Nb5) 24... Kg7 (24... Qb6+ $15 25. Qe3 Qxe3+ 26. Rxe3 Rfd8) 25. Ne4 $11 Qb6+ 26. Kh1 $132 {[%mdl 2048] Black must now prevent Qe5+. White is not keeping still} Qxb2 (26... f6 $11 {remains equal.} 27. Qf4 h6) 27. Rab1 $16 f6 (27... Qd4 $1 $14) 28. Qh4 {[%mdl 1024] White has strong compensation.} Qd4 29. Rbd1 $1 {[%cal Rd1d4]} ({Much weaker is} 29. Rxb7 $6 Rf7 $11) 29... Qb4 30. a3 $1 {[%cal Ra3b4]} Qb6 $2 {[%mdl 8192]} (30... Qe7 $16 {is a better chance.}) 31. g5 $18 f5 32. Qh6+ Kh8 33. Nf6 {[%csl Gf6][%cal Rh6h7]} Rf7 34. Qh2 Bb3 (34... Qc6 $142 35. Qe5 Rc8 36. Qxe6 Qxe6 37. Rxe6 Kg7) 35. Qe5 Rg7 {If Black can now play ...Ba4 this consolidates a bit.} 36. Rd7 {Intending Ne8! and mate.} Qf2 {[#]} 37. Rxg7 (37. Red1 $142 $1 {[%mdl 512]} Qh4+ (37... Bxd1 38. Rxg7) 38. Kg1 Bxd1 39. Rxg7 Qd4+ 40. Qxd4 Kxg7 {[#]} 41. Nh5+ $1 {[%mdl 576] Discovered Attack (Double check)} Kf7 42. Qf6+ Ke8 43. Ng7+ Kd7 44. Qe6+ Kd8 45. Qe8#) 37... Qh4+ {[#]} 38. Kg1 $1 {Threatening mate with Rg8+!} Kxg7 {[#]} 39. Nh5+ $1 {[%mdl 576] Discovered Attack (Double check). Accuracy: White = 73%, Black = 40%.} 1-0

[Event "IM Marmaris Karia IX 2019"]
[Site "Marmaris"]
[Date "2019.08.24"]
[Round "6.1"]
[White "Benidze, Davit"]
[Black "Tanriverdi, Enes"]
[Result "0-1"]
[WhiteElo "2440"]
[BlackElo "2355"]
[Annotator "ChessBase"]
[PlyCount "68"]
[EventDate "2019.08.24"]
[EventType "schev"]
[EventCountry "TUR"]
[SourceTitle "playchess.com"]
[Source "ChessBase"]
[SourceQuality "1"]
[TimeControl "5400+30"]

1. d4 {[%emt 0:00:30]} Nf6 {[%emt 0:00:30]} 2. c4 {[%emt 0:00:00]} g6 {[%emt 0:01:30]} 3. Nc3 {[%emt 0:00:00]} Bg7 {[%emt 0:00:00]} 4. e4 {[%emt 0:00:00]} d6 {[%emt 0:00:00]} 5. f3 {[%emt 0:00:00]} O-O {[%emt 0:00:30]} 6. Be3 {[%emt 0:00:00]} c5 {[%emt 0:00:00]} 7. Nge2 {[%emt 0:00:00]} Nc6 {[%emt 0:01:00]} 8. d5 {[%emt 0:00:30]} Na5 {[%emt 0:00:00]} 9. Ng3 {[%emt 0:01:30]} e6 {[%emt 0:00:00]} 10. Be2 {[%emt 0:00:30]} a6 {[%emt 0:00:30]} 11. O-O {[%emt 0:00:30]} exd5 {[%emt 0:00:00]} 12. cxd5 {[%emt 0:00:30]} b5 {[%emt 0:00:00]} 13. e5 {[%emt 0:00:30]} Nd7 {[%emt 0:03:30]} 14. f4 {[%emt 0:00:30]} f5 {[%emt 0:01:30]} 15. exf6 {[%emt 0:04:30]} Nxf6 {[%emt 0:00:30]} 16. f5 {[%emt 0:00:00]} b4 {[%emt 0:00:30]} 17. Na4 {[%emt 0:00:00]} Bd7 {[%emt 0:01:30]} 18. Bf4 {[%emt 0:01:30]} Bxf5 {[%emt 0:07:30]} 19. Nxf5 {[%emt 0:01:30]} gxf5 {[%emt 0:00:30]} 20. Bd3 {[%emt 0:00:00]} Nxd5 {[%emt 0:01:30]} 21. Bc4 {[%emt 0:01:00]} Bd4+ {[%emt 0:00:30]} 22. Qxd4 {[%emt 0:00:30]} cxd4 {[%emt 0:00:00]} 23. Bxd5+ {[%emt 0:00:00]} Kg7 {[%emt 0:01:00]} 24. Bxa8 {[%emt 0:00:00]} Qxa8 {[%emt 0:00:30]} 25. b3 {[%emt 0:00:30]} Re8 {[%emt 0:05:30]} 26. Rf2 {[%emt 0:00:30]} d3 {[%emt 0:04:30]} 27. Nb2 {[%emt 0:00:30]} Qe4 {[%emt 0:01:30]} 28. Rd1 {[%emt 0:00:30]} Nc6 {[%emt 0:00:30]} 29. Rxd3 {[%emt 0:00:30]} Nd4 {[%emt 0:00:30]} 30. Re3 {[%emt 0:00:30]} Qc6 {[%emt 0:01:30]} 31. Nc4 {[%emt 0:00:00]} Rxe3 {[%emt 0:02:30]} 32. Bxe3 {[%emt 0:00:00]} Qe4 {[%emt 0:00:30]} 33. h3 {[%emt 0:00:30]} f4 {[%emt 0:01:30]} 34. Bd2 {[%emt 0:00:30]} f3 {[%emt 0:01:30]} 0-1